| 000 | 00794nam a2200253 a 4500 | ||
|---|---|---|---|
| 001 | BRCA_5437 | ||
| 005 | 20190320205058.0 | ||
| 008 | 141210s1913----gw-a######---#000-0#ger-# | ||
| 041 | _ager | ||
| 044 | _agw | ||
| 050 | 4 |
_aND661 _b.H54 1913 |
|
| 100 | 1 |
_aHiedrich, Ernst _913883 |
|
| 245 | 1 | 0 |
_aVlaemische Malerei _b200 nachbildungen mitgeschichtlicher einführung und erlauterungen _cvon Ernst Heidrich. |
| 260 |
_aJena, Alemania _bEugene Diederichs _c1913 |
||
| 300 |
_a288 p. _bil., 200 láminas _c26 cm. |
||
| 440 | 0 |
_aDie Kunst in Bildern _913884 |
|
| 500 | _aIncluye índice alfabético | ||
| 500 | _aEstado físico: Encuadernación deteriorada | ||
| 500 | _aE152 | ||
| 650 | 1 | 4 |
_aPinturas flamencas _913625 |
| 650 | 1 | 4 |
_aPintores flamencas _913885 |
| 902 | _aGFM | ||
| 942 |
_2lcc _cB |
||
| 999 |
_c5131 _d5131 |
||